00622 2200169 4500245002700000020002200027250001200049100001400061650001600075005001900091260003800110041001400148084000800162300002800170500024500198336000900443 aRinducTere LiyehText a978-602-8997-90-4 aCet. 40 aTere Liye aNovel Fiksi a20240223145356 aJakartabRepublika Penerbitc2016 aIndonesia a813 aii, 544 hlm. :c20.5 cm aIni adalah kisah tentang masa lalu yang memilukan. Tentang kebencian kepada sesorang yang seharusnya disayang. Tentang kehilangan kekasih hati. Tentang cinta sejati. Tentang kemunafikan. Lima kisah dalam sebuah perjalanan panjang kerinduan. atext